Welcome to WEB OPAC of MRSPTU Central Library

Material science and process (Record no. 958)

MARC details
000 -LEADER
fixed length control field 00363nam a2200145Ia 4500
008 - FIXED-LENGTH DATA ELEMENTS--GENERAL INFORMATION
fixed length control field 230711s9999||||xx |||||||||||||| ||und||
041 ## - LANGUAGE CODE
Language code of text/sound track or separate title ENG
082 ## - DEWEY DECIMAL CLASSIFICATION NUMBER
Classification number 621
Item number CH-M
100 ## - MAIN ENTRY--PERSONAL NAME
Personal name Choudhry,Hajra
245 #0 - TITLE STATEMENT
Title Material science and process
250 ## - EDITION STATEMENT
Edition statement 1st
260 ## - PUBLICATION, DISTRIBUTION, ETC.
Date of publication, distribution, etc. 1990
Place of publication, distribution, etc. New Delhi
Name of publisher, distributor, etc. Laxmi Publications(P) Ltd
650 ## - SUBJECT ADDED ENTRY--TOPICAL TERM
Topical term or geographic name entry element Mechanical Engineering
942 ## - ADDED ENTRY ELEMENTS (KOHA)
Koha item type Book
Holdings
Withdrawn status Lost status Damaged status Not for loan Collection Home library Current library Date acquired Total checkouts Full call number Barcode Date last seen Date last checked out Price effective from Koha item type
          MRSPTU Central Library MRSPTU Central Library   2 621 CH-M 4898 05/08/2025 04/15/2025 08/17/2023 Book
          MRSPTU Central Library MRSPTU Central Library     621 CH-M 4899 08/17/2023   08/17/2023 Book
          MRSPTU Central Library MRSPTU Central Library     621 CH-M 4900 08/17/2023   08/17/2023 Book
          MRSPTU Central Library MRSPTU Central Library     621 CH-M 4901 08/17/2023   08/17/2023 Book
          MRSPTU Central Library MRSPTU Central Library   1 621 CH-M 4902 03/03/2025 03/03/2025 08/17/2023 Book
          MRSPTU Central Library MRSPTU Central Library     621 CH-M 4903 08/17/2023   08/17/2023 Book
          MRSPTU Central Library MRSPTU Central Library     621 CH-M 4904 08/17/2023   08/17/2023 Book
          MRSPTU Central Library MRSPTU Central Library     621 CH-M 4905 08/17/2023   08/17/2023 Book
          MRSPTU Central Library MRSPTU Central Library     621 CH-M 4906 08/17/2023   08/17/2023 Book
          MRSPTU Central Library MRSPTU Central Library     621 CH-M 4907 08/17/2023   08/17/2023 Book

Website Designed and Developed by MRSPTU Central Library Team

E-mail Id: librarian@mrsptu.ac.in